| 000 | 01457nam a22003617a 4500 | ||
|---|---|---|---|
| 003 | CHAP | ||
| 005 | 20220817042131.0 | ||
| 008 | 971013s1963 r 00010 d | ||
| 010 | _a35694 | ||
| 011 | _a36666 | ||
| 035 | _a40785 | ||
| 040 | _cCHAP | ||
| 082 |
_a632.7 _bO73 |
||
| 110 |
_aOrganismo Internacional de Energía Atómica _983512 |
||
| 245 | _aRadiation and radioisotopes applied to insects of agricultural importance. Proceedings of the symposium on the use and application of radioisotopes and radiation in the control of plant and animal insect pests jointly organized by the International Atom | ||
| 260 |
_aVienna : _bOIEA, _c1963 |
||
| 300 |
_a508 p. _b: ilus. |
||
| 590 |
_aBATCH-UPD _b10 _c20130109 _lUCH01 _h2341 |
||
| 590 |
_aBATCH-UPD _b10 _c20130110 _lUCH01 _h0253 |
||
| 590 |
_aBATCH-UPD _b10 _c20130110 _lUCH01 _h1142 |
||
| 590 |
_aBATCH-UPD _b10 _c20130409 _lUCH01 _h1910 |
||
| 590 |
_aBATCH-UPD _b10 _c20130914 _lUCH01 _h0023 |
||
| 590 |
_aCONVERSION _b10 _c20130109 _lUCH01 _h1320 |
||
| 650 | 1 | 4 |
_aAgricultura _xPlagas. _91764 |
| 650 | 1 | 4 |
_aEntomología económica. _937145 |
| 650 | 1 | 4 |
_aInsecticidas. _958855 |
| 650 | 1 | 4 |
_aRadioisótopos. _993701 |
| 710 | 0 | _aFAO. | |
| 711 | 0 |
_aSymposium on the use and application of radioisotopes and radiation in the control of plant and animal insect pests (1963 : Athens) _9111106 |
|
| 901 | _aBK | ||
| 942 | _cLIBRO | ||
| 949 |
_a632.7 O73 _bBC _cLIBRO _d33724000180667 _eLIBRO _h23122 _i40785 _si |
||
| 999 |
_c35694 _d35694 |
||